000 00355nam a2200121Ia 4500
008 210430s9999 xx 000 0 und d
082 _a621.4022 F9791 F
100 _aFrank P Incropera
_954018
245 _aFundamentals of Heat and Mass Transfer
_cFrank P Incropera
260 _aNew York
_bJohn Wiley & Sons
_c2007
300 _a997p.
942 _cBK
_2ddc
999 _c564450
_d564450